Přes hranice proniká nejméně retail

Aktivity európskych bánk v ČR a českých v EÚ v rámci jednotnej licencie. Stav finančnej integrácie. Najviac prekážok v retailovom bankovníctve Decentralizovaný dohľad. Investičné a komerčné bankovníctvo. Jednotná licencia a deregulácia. Banky a daňové výnosy.

Saved in:
Bibliographic Details
Format: Book Chapter
Language:Czech
Subjects:
Tags: Add Tag
No Tags, Be the first to tag this record!

MARC

LEADER 00000naa$a2200000$$$4500
001 0078134
005 20231010095432.0
041 0 |a cze 
044 |a CZ 
245 1 0 |a Přes hranice proniká nejméně retail 
520 |a Aktivity európskych bánk v ČR a českých v EÚ v rámci jednotnej licencie. Stav finančnej integrácie. Najviac prekážok v retailovom bankovníctve Decentralizovaný dohľad. Investičné a komerčné bankovníctvo. Jednotná licencia a deregulácia. Banky a daňové výnosy. 
610 2 0 |a bankovníctvo retailové 
610 2 0 |a Európa 
610 2 0 |a služby finančné 
610 2 0 |a licencie 
610 2 0 |a klienti